When You Look Me In The Eyes - Jonas Brothers - All Lyrics - Statistics

General Stats
  • This quiz has been taken 33 times
  • The average score is 247 of 317
Answer Stats
Answer % Correct
a
100%
Oh,
100%
oh,
100%
Oh
100%
Oh-oh,
100%
the
100%
Whoa,
100%
I
94%
by
88%
(By
88%
eyes
88%
in
88%
look
88%
love
88%
me
88%
my
88%
tell
88%
When
88%
when
88%
you
88%
You
88%
And
81%
and
81%
be
81%
ever
81%
here
81%
If
81%
it
81%
side
81%
side)
81%
that
81%
yeah
81%
(Yeah)
81%
you're
81%
You're
81%
always
75%
Can
75%
can
75%
find
75%
heart
75%
is
75%
paradise
75%
right
75%
to
75%
for
69%
go
69%
heaven
69%
it's
69%
(It's
69%
make
69%
of
69%
searching
69%
why
69%
will
69%
alright
63%
alright)
63%
best
63%
catch
63%
Everything's
63%
glimpse
63%
hold
63%
home?
63%
How
63%
way
63%
with
63%
again?
56%
arms
56%
darkness
56%
day
56%
disappear
56%
light
56%
long
56%
makes
56%
million
56%
on
56%
take
56%
true
56%
waiting
56%
all
50%
can't
50%
Dreams
50%
forever
50%
gotta
50%
high
50%
I'm
50%
I've
50%
know
50%
loving
50%
never
50%
realize
50%
reasons
50%
start
50%
There's
50%
up
50%
without
50%
because
44%
been
44%
head
44%
I'll
44%
let
44%
looking
44%
own
44%
place
44%
reach
44%
someone
44%
tomorrow
44%
'Cause
38%
gonna
38%
wanna
38%
just
31%
More
25%
more,
25%
No matching quizzes found
Score Distribution
Percent of People with Each Score
Percentile by Number Answered
Your Score History
You have not taken this quiz